000 00775nam a2200181 a 4500
001 000044550
005 20250701130548.0
008 140714s2012 dr a 000 0 spa d
040 _aDO-SdBNP
_bspa
_cBNPHU
082 _axxxx
_bxxxx
111 2 _aVII seminario de investigación científica
_n(7mo. :
_d6, 7 y 8 de dic. 2012
_cSanto Domingo)
_972560
245 1 0 _aVII seminario de investigación científica /
_ceditores ; Carlos Ml. Rodríguez Peña, Plácido F. Gómez Ramírez.
260 _aSanto Domingo :
_bMESCYT,
_c2012.
300 _a60 p. :
_bil. ;
_c28 cm.
700 1 2 _aRodríguez Peña, Carlos Ml.
_eed.
_972561
700 1 2 _aGómez Ramírez, Plácido F.
_eed.
_972562
710 1 _aRepública Dominicana.
_bMinisterio de Educación Superior, Ciencia y Tecnología
_972559
999 _c44039
_d44039